00495nam a2200109Ia 4500008004100000050003000041100002500071245014500096260008600241300002800327521003000355140724s9999 xx 000 0 und d aHF 5549.9.R44b.B826 2007 aBravo, Gian Carlo V. 4aThe comparative study and effectiveness of selected recruitment agencies from direct hiring companies in Parañaque /cGian Carlo V. Bravo. aLas Piñas, Philippines :bSouthville International School and Colleges,cc2007. a59 p. :bill. ;c28 cm. aHuman Resource Management